| 000 | 00906cam a22002411i 4500 | ||
|---|---|---|---|
| 003 | SA-RiAUC | ||
| 005 | 20241106082852.0 | ||
| 008 | 241105s1999 su g 00010 ara c | ||
| 040 |
_aSA-JeALM _bara _cSA-RiAUC _erda |
||
| 082 | 0 | 4 |
_a929.1 _qSA-RiAUC |
| 090 |
_a929.1 _bك ت ب |
||
| 100 | 1 |
_aالكتبي، أنس بن يعقوب بن محمد، _d1393 هجري- _eمؤلف. |
|
| 245 | 1 | 2 |
_aالأصول في ذرية البضعة البتول / _cأنس يعقوب الكتبي الحسني. |
| 250 | _aالطبعة الأولى. | ||
| 264 | 1 |
_aالمدينة المنورة : _bدار المجتبي، _c1999 |
|
| 300 |
_a261 صفحة ؛ _c24 سم |
||
| 336 |
_aنص _btxt _2rdacontent _3كتاب |
||
| 337 |
_aبدون وسيط _bn _2rdamedia |
||
| 338 |
_aمجلد _bnc _2rdacarrier |
||
| 650 | 7 |
_aعلم الأنساب _2aucsh |
|
| 942 |
_2ddc _cBOOK _n0 |
||
| 949 |
_aSA-JeALM _d241105 _umohamedma123 _n1 |
||
| 999 |
_c2084 _d2084 |
||